Statistiken für Grenzen diese Länder aneinander? #1

Klicken Sie hier um das Quiz zu spielen!

Allgemein

  • Dieses Quiz wurde 252 mal gespielt
    (212 seit der letzten Aktualisierung)
  • Das Durchschnittsergebnis liegt bei 16 aus 25

Antwortstatistiken

FrageAntwort% Korrekt
Ukraine - RumänienJa
83%
Nordkorea - RusslandJa
82%
Russland - NorwegenJa
78%
Guyana - SurinameJa
78%
Lesotho - MosambikNein
77%
Bangladesh - ChinaNein
72%
Türkei - BulgarienJa
71%
Senegal - Sierra LeoneNein
71%
Kasachsten - MongoleiNein
71%
Kolumbien - PeruJa
70%
Italien - KroatienNein
68%
Vereinigte Arabische Emirate - KatarNein
67%
Burkina Faso - BeninJa
66%
Luxemburg - NiederlandeNein
61%
Türkei - AserbaidschanJa
60%
Iran - KuwaitNein
59%
Namibia - SimbabweNein
57%
Tansania - SambiaJa
54%
Eritrea - SomaliaNein
53%
Kosovo - Bosnien und HerzegovinaNein
51%
Elfenbeinküste - MaliJa
49%
Algerien - TschadNein
49%
Usbekistan - AfghanistanJa
48%
Laos - MyanmarJa
47%
El Salvador - NicaraguaNein
45%

Verteilung der Resultate

Perzentil nach korrekt beantworteten Fragen

Anzahl Personen mit jedem Resultat

Ihre Resultats-Entwicklung

Sie haben dieses Quiz seit der letzten Aktualisierung nicht gespielt